Zeitschrift für vergleichende Sprachforschung auf dem Gebiete des deutschen, griechischen und lateinischen.

Bibliographic Details
New Title:Beiträge zur vergleichenden Sprachforschung auf dem Gebiete der arischen, celtischen und slawischen Sprachen
Zeitschrift für vergleichende Sprachforschung auf dem Gebiete der indogermanischen Sprachen
Other Authors: Kuhn, Adalbert, 1812-1881
Format: Journal
Language:German
Published: Berlin : Ferd. Dümmlers Verlagsbuchhandlung, 1852-1874.
Subjects:
Online Availability: Check for online availability

MARC

Tag First Indicator Second Indicator Subfields
LEADER 00000cas a2200000 a 4500
001 in00002786864
005 20151202172139.0
006 m o d
007 cr bn||||||abp
007 cr bn||||||ada
008 110418d18521874gw bx poo 0 0ger c
010 |a  2011235795 
019 |a 656593160 
022 |l 0937-2679  |y 0937-2679 
029 1 |a NZ1  |b 13876577 
035 |a (OCoLC)ocn713122469 
035 |a (OCoLC)713122469  |z (OCoLC)656593160 
040 |a OCLCE  |b eng  |c OCLCE  |d EYM  |d HUL  |d OCLCQ  |d TXA  |d UtOrBLW 
042 |a dlr  |a pcc 
049 |a TXAM 
050 4 |a P501  |b .Z5 Electronic 
245 0 0 |a Zeitschrift für vergleichende Sprachforschung auf dem Gebiete des deutschen, griechischen und lateinischen. 
264 1 |a Berlin :  |b Ferd. Dümmlers Verlagsbuchhandlung,  |c 1852-1874. 
310 |a Six no. a year 
336 |a text  |b txt  |2 rdacontent 
337 |a computer  |b c  |2 rdamedia 
338 |a online resource  |b cr  |2 rdacarrier 
362 0 |a 1. Bd., Heft 1 (1852)-Bd. 22, Heft 6 (1874). 
500 |a Title from PDF volume title page (JSTOR, viewed July 22, 2011). 
500 |a Founded and edited by A. Kuhn. 
515 |a Bd. 21-22 also called neue Folge. Bd. 1-2. 
555 |a Vols. 1-10, 1852-61. 1 v.; Vols. 11-20, 1862-72. 1 v. ; Vols. 1-20, 1852-72. 1 v.; Vols. 1-100, 1851-1987. (Includes index to later titles: Zeitschrift für vergleichende Sprachforschung auf dem Gebiete der indogermanischen Sprachen, and: Zeitschrift für vergleichende Sprachforschung.) 1 v. 
580 |a Merged with: Beiträge zur vergleichenden Sprachforschung auf dem Gebiete der arischen, celtischen und slawischen Sprachen, to form: Zeitschrift für vergleichende Sprachforschung auf dem Gebiete der indogermanischen Sprachen. 
506 |3 Use copy  |f Restrictions unspecified  |2 star  |5 MiAaHDL 
533 |a Electronic reproduction.  |b [S.l.] :  |c HathiTrust Digital Library,  |d 2011.  |5 MiAaHDL 
583 1 |a digitized  |c 2011  |h HathiTrust Digital Library  |l committed to preserve  |2 pda  |5 MiAaHDL 
500 |a Electronic resource. 
650 0 |a Indo-European philology  |v Periodicals. 
650 1 7 |a Vergelijkende taalwetenschap.  |2 gtt 
650 6 |a Philologie indo-européenne  |v Périodiques. 
700 1 |a Kuhn, Adalbert,  |d 1812-1881. 
776 0 8 |i Print version:  |t Zeitschrift für vergleichende Sprachforschung auf dem Gebiete des deutschen, griechischen und lateinischen  |x 0937-2679  |w (DLC)sf 82004058  |w (OCoLC)7054958 
785 1 7 |t Beiträge zur vergleichenden Sprachforschung auf dem Gebiete der arischen, celtischen und slawischen Sprachen 
785 1 7 |t Zeitschrift für vergleichende Sprachforschung auf dem Gebiete der indogermanischen Sprachen  |w (DLC) 2011235794  |w (OCoLC)713113190 
948 |a cataloged  |b h  |c 2012/12/19  |d c  |e spoltoratski  |f 11:35:51 am  |g sc 
994 |a C0  |b TXA 
999 |a MARS 
999 f f |s 1292d457-e3b2-32ac-9500-5026f8e26509  |i f20241b7-3957-372b-b85c-56176a8e7d83  |t 0 
952 f f |a Texas A&M University  |b College Station  |c Electronic Resources  |d Available Online  |t 0  |e P501 .Z5  |g Electronic  |h Library of Congress classification 
998 f f |a P501 .Z5  |t 0  |l Available Online